000 01215njm a2200277 i 4500
001 5028
003 ES-MaACL
005 20250622050202.0
007 s|r|||||||||||
008 070911s1984 sp ||| g ||||||||1|nspa d
100 1 _aRementería, José Ramón.
_996125
245 1 0 _aEspaña, voz autóctona en el sudeste peninsular
_h[Grabación sonora] /
_cinterviene José Ramón Rementería.
260 _aMadrid :
_bAteneo de Madrid,
_c1984.
300 _a2 discos (CD-DA) (1 h. 38 min. 42 seg.) ;
_c12 cm.
490 1 _aOrigen de los nombres "Español" y "España"
500 _aDatos basados en la invitación.
518 _aActo organizado por Tribuna Abierta de Socios del Ateneo de Madrid, grabado en la sala de conferencias el martes, 29 de marzo de 1984, a las 20:00 h.
610 0 4 _aAteneo de Madrid-
_xActos culturales-
_y1984-
_vGrabaciones sonoras
_91899
650 4 _aNombres geográficos-
_zEspaña.
_915584
710 2 _aAteneo de Madrid.
_bTribuna Abierta de Socios.
_92015
830 0 _aOrigen de los nombres "Español" y "España"
_9176762
852 _aES-MaACL
_jROT 5/7/32
_95145
_cROT
852 _aES-MaACL
_jROT 5/7/33
_9203692
_cROT
942 _2udc
999 _c5028
_d5028